000 002610000a22000970004500
100 1 _aAñorga, Martín N.
245 1 0 _aLa resurrección y mis problemas personales
300 _aVol. 3, Núm 14 (1991), Páginas 18
773 0 _tImpacto Presbiteriano
942 _cANA
999 _c50980
_d50980